[Event "AUT-chT2W 0001"]
[Site "Austria"]
[Date "2000.10.29"]
[Round "3.3"]
[White "Novkovic, Julia"]
[Black "Heilinger, Dietmar"]
[Result "1/2-1/2"]
[WhiteElo "2167"]
[BlackElo "2199"]
[PlyCount "29"]
[EventDate "2000.??.??"]
[EventType "team"]
[EventRounds "9"]
[EventCountry "AUT"]
[SourceTitle "EXT 2002"]
[Source "ChessBase"]
[SourceDate "2001.11.25"]
[SourceVersion "1"]
[SourceVersionDate "2001.11.25"]
[SourceQuality "1"]

1. e4 g6 2. d4 Bg7 3. Nc3 d5 4. Nxd5 c6 5. Ne3 Qxd4 6. Qxd4 Bxd4 7. Bc4 Bg7 8. Nf3 Nd7 9. 0-0 Nc5 10. Ng5 Nh6 11. f3 f6 12. Nh3 Bxh3 13. gxh3 b5 14. Be2 e5 15. Ng4 1/2-1/2

[Event "AUT-chT2W 0001"]
[Site "Austria"]
[Date "2000.10.28"]
[Round "2.3"]
[White "Heilinger, Dietmar"]
[Black "Proehl, Holger"]
[Result "0-1"]
[WhiteElo "2199"]
[BlackElo "2305"]
[PlyCount "70"]
[EventDate "2000.??.??"]
[EventType "team"]
[EventRounds "9"]
[EventCountry "AUT"]
[SourceTitle "EXT 2002"]
[Source "ChessBase"]
[SourceDate "2001.11.25"]
[SourceVersion "1"]
[SourceVersionDate "2001.11.25"]
[SourceQuality "1"]

1. c4 e6 2. Nf3 d5 3. e3 Nf6 4. b3 b6 5. cxd5 exd5 6. Bb2 Bd6 7. Be2 0-0 8. d3 Qe7 9. 0-0 Re8 10. Nbd2 c5 11. Re1 Nbd7 12. Qc2 Bb7 13. Bc3 Rad8 14. Qb2 Qf8 15. a3 Ng4 16. h3 Nh6 17. d4 f5 18. dxc5 Nxc5 19. Bb5 Re7 20. b4 Ne4 21. Nxe4 fxe4 22. Nd4 Rc8 23. Rac1 Nf5 24. Nxf5 Qxf5 25. Bd4 Rd8 26. Bc6 Bc8 27. Red1 Bb8 28. Ba8 h6 29. Qa2 Kh7 30. Rxc8 Rxc8 31. Bxd5 Rec7 32. f4 Rc2 33. Qb3 Qg6 34. g4 h5 35. Bg8+ Kh8 0-1

[Event "Seefeld op 11th"]
[Site "Seefeld"]
[Date "2000.09.24"]
[Round "9"]
[White "Kostic, Vladimir G"]
[Black "Heilinger, Dietmar"]
[Result "1-0"]
[WhiteElo "2405"]
[BlackElo "2199"]
[PlyCount "49"]
[EventDate "2000.09.16"]
[EventType "swiss"]
[EventRounds "9"]
[EventCountry "AUT"]
[SourceTitle "EXT 2001"]
[Source "ChessBase"]
[SourceDate "2000.11.22"]
[SourceVersion "1"]
[SourceVersionDate "2000.11.22"]
[SourceQuality "1"]

1. d4 d5 2. c4 Nc6 3. Nf3 Bg4 4. cxd5 Bxf3 5. gxf3 Qxd5 6. e3 e5 7. Nc3 Bb4 8. Bd2 Bxc3 9. bxc3 exd4 10. cxd4 Nge7 11. Rg1 0-0-0 12. Bc3 Qh5 13. Rg3 Nd5 14. Bh3+ Kb8 15. Bd2 Nf4 16. exf4 Nxd4 17. Kf1 Rhe8 18. Kg2 Ne2 19. Qa4 Nxg3 20. hxg3 Re2 21. Be1 Qd5 22. Qb3 Qc5 23. Rb1 b6 24. Qxf7 g5 25. Qh5 1-0

[Event "Seefeld op 11th"]
[Site "Seefeld"]
[Date "2000.09.21"]
[Round "6"]
[White "Heilinger, Dietmar"]
[Black "Mueller, Norbert"]
[Result "1/2-1/2"]
[WhiteElo "2199"]
[BlackElo "2118"]
[PlyCount "94"]
[EventDate "2000.09.16"]
[EventType "swiss"]
[EventRounds "9"]
[EventCountry "AUT"]
[SourceTitle "EXT 2001"]
[Source "ChessBase"]
[SourceDate "2000.11.22"]
[SourceVersion "1"]
[SourceVersionDate "2000.11.22"]
[SourceQuality "1"]

1. c4 g6 2. Nc3 Bg7 3. g3 d6 4. Bg2 Nc6 5. d3 e5 6. e4 Nd4 7. Nce2 c5 8. Nxd4 cxd4 9. Ne2 Ne7 10. 0-0 0-0 11. f4 f5 12. exf5 gxf5 13. Qb3 Kh8 14. Bd2 Rb8 15. Qa3 Rf6 16. Qxa7 Be6 17. fxe5 dxe5 18. Bg5 Rf7 19. Rae1 Bf6 20. Bxf6+ Rxf6 21. Qc5 Ng6 22. Nc1 b6 23. Qb5 Qc7 24. Nb3 Bd7 25. Qb4 b5 26. Qc5 Qd8 27. Nd2 Qa5 28. b4 Qxa2 29. Qc7 Rbf8 30. Rf2 Qa3 31. Qxd7 Qxd3 32. c5 Qc3 33. Ref1 Qxb4 34. Ne4 R6f7 35. Qd5 Qc4 36. Qxc4 bxc4 37. Nd6 Rc7 38. Nxc4 Rxc5 39. Nd2 Rc2 40. g4 Nf4 41. gxf5 Rxf5 42. Ne4 d3 43. Ng3 Ne2+ 44. Nxe2 Rxf2 45. Kxf2 Rxe2+ 46. Kg3 e4 47. Rd1 d2 1/2-1/2